| 000 | 00566nam a2200169 4500 | ||
|---|---|---|---|
| 001 | 121140 | ||
| 003 | ES-MaACL | ||
| 005 | 20230906191710.0 | ||
| 007 | t| | ||
| 008 | 070214s1981 sp r ||||1| spa d | ||
| 100 | 1 |
_aPons Fuster, Francisco. _993013 |
|
| 245 | 1 | 0 |
_aAspectos económico-sociales del condado de Oliva _b: (1500-1750) / _cpor Francisco Pons Fuster ; prólogo de Antonio Mestre. |
| 260 |
_aValencia : _bAyuntamiento de Oliva, _c1981. |
||
| 300 |
_aXXIV, 338 p. ; _c19 cm. |
||
| 700 | 1 |
_aMestre, Antonio. _980696 |
|
| 852 |
_aES-MaACL _jL-1152 _bR.102108 |
||
| 999 |
_c121140 _d121140 |
||